000 01097cam a2200241 4500
008 030120n2004 000 0 eng u
020 _a1859416608
035 _a(Sirsi) u121055
041 _aeng
050 _a346.9504
_c21
100 _aFarran, Susan
245 _aSouth Pacific property law
260 _aLondon
_bCavendish
_c2004
300 _axli, 300p.
_c24cm
350 _a35
520 _aIntroduction to the law relating to the different types of property in the South Pacific region. It covers the countries that have historically been under the control of Britain or the British colonies of Australia and New Zealand. These have similar legal systems, derived from the common law and customary law of Australia, New Zealand and North America as well as English common law. Although mostly concentrated on land as property, it also takes into account local and traditional views of property. Tables of cases and legislation.
650 _aSOUTH PACIFIC
650 _aPROPERTY LAW
650 _aCOMMON LAW
690 _aPROPERTY
700 _aPaterson, Don
942 _n0
999 _c102612
_d102612